[Event "Interclubs Adultes"]
[Site "BELFORT"]
[Date "15.??.??"]
[Round "8.8"]
[White "Dacalor, Aurelie"]
[Black "Verot, Melanie"]
[Result "0-1"]
[WhiteElo "2033"]
[BlackElo "2115"]
[PlyCount "86"]
[EventDate "15.??.??"]
[WhiteTeam "Lutèce Echecs"]
[BlackTeam "Cannes II"]

1. d4 Nf6 2. c4 c5 3. d5 e5 4. Nc3 d6 5. e4 Be7 6. Bd3 O-O 7. Nge2 Ne8 8. Ng3
g6 9. O-O a6 10. f4 exf4 11. Bxf4 Bf6 12. Qd2 Nd7 13. Rae1 Ne5 14. Be2 Bd7 15.
Nh1 b5 16. cxb5 axb5 17. Nxb5 Bxb5 18. Bxb5 Rxa2 19. Rb1 Ng4 20. Bg3 Bd4+ 21.
Nf2 Nef6 22. Qe2 Ne3 23. Rfe1 Nh5 24. Qf3 Nxg3 25. Qxg3 Qa5 26. Bd3 c4 27. Rxe3
Bxe3 28. Bxc4 Ra1 29. Rf1 Rxf1+ 30. Bxf1 Bc5 31. Qd3 Rb8 32. b3 Qa2 33. Qe2
Qxb3 34. Kh1 Qb1 35. Nd1 Qa1 36. Qd3 Rb1 37. Be2 Qa5 38. g3 Qe1+ 39. Kg2 Rb4
40. Kh3 Rd4 41. Qf3 Rd2 42. Nc3 Rc2 43. e5 Qxc3 0-1

[Event "Interclubs Adultes"]
[Site "BELFORT"]
[Date "15.??.??"]
[Round "8.1"]
[White "Dunis, Aurelien"]
[Black "Istratescu, Andrei"]
[Result "1/2-1/2"]
[WhiteElo "2508"]
[BlackElo "2617"]
[PlyCount "29"]
[EventDate "15.??.??"]
[WhiteTeam "Grasse"]
[BlackTeam "Belfort"]

1. e4 c5 2. Nc3 Nc6 3. Nge2 e6 4. d4 cxd4 5. Nxd4 a6 6. g3 Qc7 7. Bg2 Nf6 8.
O-O Bc5 9. Nxc6 dxc6 10. Na4 Ba7 11. c4 Nd7 12. Qc2 Bd4 13. c5 e5 14. Rd1 Nf8
15. Nb6 1/2-1/2

[Event "Interclubs Adultes"]
[Site "BELFORT"]
[Date "15.??.??"]
[Round "8.2"]
[White "Szabo, Gergely-Andras-Gyula"]
[Black "Colovic, Aleksandar"]
[Result "1/2-1/2"]
[WhiteElo "2509"]
[BlackElo "2493"]
[PlyCount "28"]
[EventDate "15.??.??"]
[WhiteTeam "Belfort"]
[BlackTeam "Grasse"]

1. e4 e5 2. Nf3 Nf6 3. Nxe5 d6 4. Nf3 Nxe4 5. Nc3 Nxc3 6. dxc3 Be7 7. Bf4 O-O
8. Qd2 Nd7 9. O-O-O Nc5 10. Be3 Re8 11. Ng5 Bxg5 12. Bxg5 Qd7 13. f3 Qa4 14. a3
Bf5 1/2-1/2

[Event "Interclubs Adultes"]
[Site "BELFORT"]
[Date "15.??.??"]
[Round "8.3"]
[White "Dobrev, Nanko"]
[Black "Monsieux, Cyril"]
[Result "1-0"]
[WhiteElo "2427"]
[BlackElo "2338"]
[PlyCount "85"]
[EventDate "15.??.??"]
[WhiteTeam "Grasse"]
[BlackTeam "Belfort"]

1. d4 Nf6 2. c4 e6 3. Nf3 b6 4. a3 Ba6 5. Qb3 d5 6. cxd5 Qxd5 7. Qc2 c5 8. Nc3
Qd7 9. Bg5 cxd4 10. Rd1 Nc6 11. Qa4 Bb7 12. e3 Nd5 13. Nxd5 Qxd5 14. Bc4 Bb4+
15. Qxb4 Nxb4 16. Bxd5 Nxd5 17. Nxd4 O-O 18. e4 Nf6 19. f3 a6 20. Ke2 Rac8 21.
Rd2 Rc7 22. Rhd1 Bc8 23. Ke3 h6 24. Bf4 Rd7 25. Nc6 Rxd2 26. Rxd2 Bd7 27. Rd6
Bxc6 28. Rxc6 Nd7 29. Bd6 Rd8 30. e5 f6 31. f4 Kf7 32. b4 g5 33. g3 gxf4+ 34.
gxf4 fxe5 35. fxe5 a5 36. bxa5 bxa5 37. Rc7 a4 38. Ra7 h5 39. Kf4 h4 40. Kg4
Kg6 41. Rxa4 Nb6 42. Bc7 Nxa4 43. Bxd8 1-0

[Event "Interclubs Adultes"]
[Site "BELFORT"]
[Date "15.05.02"]
[Round "8.4"]
[White "Butunoi, Alexandru"]
[Black "Andonov, Bogomil"]
[Result "0-1"]
[WhiteElo "2395"]
[BlackElo "2333"]
[PlyCount "63"]
[EventDate "15.??.??"]
[WhiteTeam "Belfort"]
[BlackTeam "Grasse"]

1. e4 c5 2. Nf3 e6 3. d4 cxd4 4. Nxd4 Nc6 5. Nxc6 bxc6 6. Bd3 d6 7. O-O Nf6 8.
c4 Nd7 9. Nc3 Be7 10. Be3 c5 11. f4 O-O 12. Qc2 g6 13. Rad1 a6 14. Qd2 Bb7 15.
Bc2 Qc7 16. f5 Bf6 17. Bh6 Ne5 18. Bxf8 Rxf8 19. Qh6 Qe7 20. fxe6 fxe6 21. Ne2
Nxc4 22. Bb3 Ne5 23. Qh3 c4 24. Bc2 d5 25. Nf4 Bc8 26. Kh1 Qd6 27. Ne2 Nc6 28.
b3 Qc5 29. bxc4 dxe4 30. Bxe4 Ne5 31. Qg3 Nxc4 32. Nd4 0-1

[Event "Interclubs Adultes"]
[Site "BELFORT"]
[Date "15.??.??"]
[Round "8.6"]
[White "Tachikart, Yassin"]
[Black "Garbarino, Xavier"]
[Result "0-1"]
[WhiteElo "2098"]
[BlackElo "2260"]
[PlyCount "48"]
[EventDate "15.??.??"]
[WhiteTeam "Belfort"]
[BlackTeam "Grasse"]

1. d4 Nc6 2. e4 e5 3. d5 Nce7 4. c4 Ng6 5. Be3 Bb4+ 6. Nd2 Nf6 7. f3 Qe7 8. Ne2
a5 9. g3 c6 10. Bg2 Bc5 11. Qb3 O-O 12. O-O b5 13. dxc6 bxc4 14. Nxc4 Ba6 15.
Bf2 d5 16. exd5 Nxd5 17. Rac1 Rab8 18. Qc2 Nb4 19. Qe4 Nxa2 20. Rcd1 Bxf2+ 21.
Rxf2 Qc5 22. Ne3 Rxb2 23. Bf1 Bxe2 24. Rxe2 Nc3 0-1

[Event "Interclubs Adultes"]
[Site "BELFORT"]
[Date "15.??.??"]
[Round "8.7"]
[White "Forestier, Flavien"]
[Black "Dikant, Christophe"]
[Result "0-1"]
[WhiteElo "2175"]
[BlackElo "2110"]
[PlyCount "100"]
[EventDate "15.??.??"]
[WhiteTeam "Grasse"]
[BlackTeam "Belfort"]

1. d4 d6 2. c4 e5 3. Nf3 e4 4. Ng5 f5 5. Nc3 c6 6. Nh3 Be7 7. e3 Nf6 8. Nf4 O-O
9. h4 Na6 10. Be2 Nc7 11. Qb3 Kh8 12. g3 d5 13. cxd5 Nfxd5 14. Ncxd5 Nxd5 15.
Nxd5 cxd5 16. Bd2 Rg8 17. Bb4 Bf6 18. Qa3 Be6 19. Rc1 a6 20. Bd6 Rc8 21. Rxc8
Qxc8 22. Kd2 Qd7 23. Rc1 Rd8 24. Bf4 Be7 25. Qa5 Rc8 26. Rxc8+ Qxc8 27. Qc7
Qxc7 28. Bxc7 Bd7 29. Kc3 Kg8 30. Kb3 Kf7 31. a4 Ke6 32. a5 Be8 33. Bb6 h5 34.
Bc5 Bd8 35. Kb4 g5 36. hxg5 Bxg5 37. Bf8 Bd8 38. Bd1 h4 39. gxh4 Bxh4 40. Kc5
Bxf2 41. Bh6 Bh4 42. Kb6 Bc6 43. Bf4 Kd7 44. Bh5 Bd8+ 45. Ka7 Ke6 46. Be2 Bxa5
47. Bf1 Bd8 48. Bh3 a5 49. b3 b5 50. Ka6 a4 0-1

[Event "Interclubs Adultes"]
[Site "BELFORT"]
[Date "15.??.??"]
[Round "8.8"]
[White "Cechetto, Lea"]
[Black "Forestier, Carole"]
[Result "0-1"]
[WhiteElo "1732"]
[BlackElo "1999"]
[PlyCount "68"]
[EventDate "15.??.??"]
[WhiteTeam "Belfort"]
[BlackTeam "Grasse"]

1. e4 e6 2. d4 d5 3. e5 c5 4. c3 Qb6 5. Nf3 Nc6 6. Be2 cxd4 7. cxd4 Nh6 8. b3
Nf5 9. Bb2 Bb4+ 10. Kf1 O-O 11. Nc3 a6 12. Rc1 f6 13. g4 Nfe7 14. exf6 Rxf6 15.
h3 Qa7 16. Na4 Bd6 17. Nc5 b6 18. Nd3 Bd7 19. Nde5 Raf8 20. h4 b5 21. h5 Rf4
22. Rg1 Nxe5 23. dxe5 Bc5 24. Rg2 Bc6 25. Qc2 Bb6 26. Qd3 Ba8 27. Re1 d4 28.
Rg3 Be4 29. Qd1 d3 30. Bxd3 Bxf3 31. Qc2 Bd5 32. Re2 Rxf2+ 33. Ke1 Rxe2+ 34.
Bxe2 Bf2+ 0-1

[Event "Interclubs Adultes"]
[Site "BELFORT"]
[Date "16.??.??"]
[Round "9.1"]
[White "Fedorchuk, Sergey A"]
[Black "Van Elst, Andreas"]
[Result "1-0"]
[WhiteElo "2652"]
[BlackElo "2350"]
[PlyCount "89"]
[EventDate "16.??.??"]
[WhiteTeam "Vincennes"]
[BlackTeam "C.E.I. Toulouse"]

1. e4 c5 2. Nf3 e6 3. d4 cxd4 4. Nxd4 a6 5. Be2 Nf6 6. Nc3 Bb4 7. Qd3 d6 8. O-O
Nbd7 9. Qg3 Bxc3 10. bxc3 Nxe4 11. Qxg7 Qf6 12. Qxf6 Ndxf6 13. c4 Bd7 14. Bb2
Rg8 15. Rfe1 e5 16. Nb3 O-O-O 17. f3 Ng5 18. Kf2 Ne6 19. Bf1 b6 20. Rad1 Bc6
21. Rd2 a5 22. Red1 Kc7 23. c5 Nxc5 24. Nxc5 bxc5 25. Bc3 Ra8 26. Rxd6 Nd7 27.
Rh6 Rg7 28. Bd3 f6 29. Rxh7 Rxh7 30. Bxh7 Nb6 31. Bf5 Nd5 32. Be1 a4 33. a3 Rh8
34. h3 Ne7 35. Be6 Ng6 36. g3 Ne7 37. h4 e4 38. f4 f5 39. Ba5+ Kb7 40. Bd8 Re8
41. Ke3 Ka6 42. h5 Ng8 43. Bxf5 Nh6 44. Bh3 Nf7 45. Bf6 1-0

[Event "Interclubs Adultes"]
[Site "BELFORT"]
[Date "16.??.??"]
[Round "9.2"]
[White "Luminais, Eric"]
[Black "Velikov, Petar"]
[Result "0-1"]
[WhiteElo "2233"]
[BlackElo "2410"]
[PlyCount "64"]
[EventDate "16.??.??"]
[WhiteTeam "C.E.I. Toulouse"]
[BlackTeam "Vincennes"]

1. e4 c5 2. Nf3 e6 3. d3 Nc6 4. g3 g6 5. Bg2 Bg7 6. O-O Nge7 7. c3 O-O 8. Qe2
d6 9. h4 e5 10. h5 Bg4 11. h6 Bf6 12. Qc2 Kh8 13. Nh2 Bd7 14. Na3 Ng8 15. f4
exf4 16. gxf4 Nxh6 17. Nc4 Qe7 18. Ne3 Qd8 19. f5 gxf5 20. Nd5 Bg5 21. Nf3 Bxc1
22. Qxc1 Ng4 23. exf5 Ne7 24. Ng5 Bc6 25. Qf4 Nxd5 26. Bxd5 Bxd5 27. f6 Qd7 28.
Rae1 Rae8 29. Qg3 Rxe1 30. Qxe1 Nxf6 31. Rxf6 Rg8 32. Qh4 Qe7 0-1

[Event "Interclubs Adultes"]
[Site "BELFORT"]
[Date "16.??.??"]
[Round "9.3"]
[White "Jablonski, Noham"]
[Black "Tournier, Mathieu"]
[Result "1/2-1/2"]
[WhiteElo "2268"]
[BlackElo "2224"]
[PlyCount "64"]
[EventDate "16.??.??"]
[WhiteTeam "Vincennes"]
[BlackTeam "C.E.I. Toulouse"]

1. e4 e5 2. Nf3 Nc6 3. Bb5 a6 4. Ba4 Nf6 5. O-O b5 6. Bb3 Bc5 7. c3 d6 8. d4
Bb6 9. a4 Rb8 10. h3 O-O 11. Be3 exd4 12. cxd4 Re8 13. Nbd2 Bb7 14. axb5 axb5
15. d5 Bxe3 16. fxe3 Nb4 17. Nd4 c6 18. dxc6 Nxc6 19. Nf5 Ne5 20. Ba2 d5 21.
exd5 Bxd5 22. Bxd5 Qxd5 23. Qc2 Qd3 24. Qxd3 Nxd3 25. b3 Rb6 26. Ra7 Kf8 27.
Nf3 g6 28. Nh6 Re7 29. Rxe7 Kxe7 30. g4 Nd5 31. Rd1 N5b4 32. Nd4 Ne5 1/2-1/2

[Event "Interclubs Adultes"]
[Site "BELFORT"]
[Date "16.??.??"]
[Round "9.4"]
[White "Benmesbah, Natacha"]
[Black "Schabanel, Stephane"]
[Result "1-0"]
[WhiteElo "2211"]
[BlackElo "2263"]
[PlyCount "69"]
[EventDate "16.??.??"]
[WhiteTeam "C.E.I. Toulouse"]
[BlackTeam "Vincennes"]

1. e4 c5 2. Nf3 d6 3. d4 cxd4 4. Nxd4 Nf6 5. Nc3 Nc6 6. Bg5 e6 7. Qd2 a6 8.
O-O-O Bd7 9. f4 Be7 10. Nxc6 Bxc6 11. Bd3 b5 12. e5 dxe5 13. fxe5 Nd7 14. Bxe7
Qxe7 15. Qf4 Qc5 16. Be4 Rc8 17. Bxc6 Rxc6 18. Rhe1 Nb6 19. Qd4 O-O 20. Qxc5
Rxc5 21. Rd6 Rb8 22. Red1 g5 23. Rd8+ Rxd8 24. Rxd8+ Kg7 25. Rd6 Nc4 26. Rxa6
Rxe5 27. b3 Re1+ 28. Nd1 Ne3 29. Kd2 Nxg2 30. Ra5 f5 31. Rxb5 e5 32. a4 e4 33.
a5 e3+ 34. Nxe3 Rxe3 35. Rxf5 1-0

[Event "Interclubs Adultes"]
[Site "BELFORT"]
[Date "16.??.??"]
[Round "9.5"]
[White "Elbilia, Jacques"]
[Black "Heinis, Vincent"]
[Result "1-0"]
[WhiteElo "2351"]
[BlackElo "2184"]
[PlyCount "36"]
[EventDate "16.??.??"]
[WhiteTeam "Vincennes"]
[BlackTeam "C.E.I. Toulouse"]

1. d4 d5 2. Nf3 c6 3. c4 dxc4 4. e3 Be6 5. a4 Nf6 6. Na3 c5 7. Nxc4 cxd4 8.
Nxd4 Bd5 9. a5 e6 10. Qa4+ Nc6 11. a6 Bb4+ 12. Bd2 b5 13. Nxc6 Bxd2+ 14. Nxd2
Qd6 15. Qb4 Qxb4 16. Nxb4 Rb8 17. f3 O-O 18. Bd3 Bc4 1-0

[Event "Interclubs Adultes"]
[Site "BELFORT"]
[Date "16.??.??"]
[Round "9.6"]
[White "Sasot Samplon, Eloy"]
[Black "Rabeyrin, Jean-Jacques"]
[Result "1/2-1/2"]
[WhiteElo "2149"]
[BlackElo "2314"]
[PlyCount "87"]
[EventDate "16.??.??"]
[WhiteTeam "C.E.I. Toulouse"]
[BlackTeam "Vincennes"]

1. d4 d5 2. c4 c6 3. Nc3 Nf6 4. cxd5 cxd5 5. Bf4 e6 6. Rc1 Nc6 7. e3 Be7 8. Nf3
O-O 9. Bd3 Bd7 10. Ne5 Rc8 11. O-O a6 12. Nxd7 Qxd7 13. Na4 Qd8 14. Nc5 Nb4 15.
Qb3 Bxc5 16. dxc5 Nxd3 17. Qxd3 Qd7 18. b4 Rfe8 19. Be5 Ng4 20. Qd4 Nxe5 21.
Qxe5 Qb5 22. a3 Rc6 23. e4 dxe4 24. Qxe4 Qa4 25. Qd3 Rc7 26. Rfd1 h6 27. h3
Rec8 28. Rb1 Re8 29. Qg3 Rd7 30. Rd6 Red8 31. Rxd7 Qxd7 32. Kh2 Kf8 33. Rb3 Qd5
34. Rf3 e5 35. Re3 f6 36. Qg4 Rd7 37. Qf5 Kg8 38. Rg3 Qf7 39. f4 Re7 40. fxe5
Rxe5 41. Qc8+ Re8 42. Qf5 Qc7 43. Qf3 Re1 44. Qc3 1/2-1/2

[Event "Interclubs Adultes"]
[Site "BELFORT"]
[Date "16.??.??"]
[Round "9.7"]
[White "Fayard, Alain"]
[Black "Rodriguez, Angel"]
[Result "1/2-1/2"]
[WhiteElo "2324"]
[BlackElo "2117"]
[PlyCount "83"]
[EventDate "16.??.??"]
[WhiteTeam "Vincennes"]
[BlackTeam "C.E.I. Toulouse"]

1. d4 f5 2. e4 fxe4 3. Nc3 Nf6 4. Bg5 c6 5. f3 e3 6. Bd3 Qa5 7. Bxe3 e5 8. Nge2
exd4 9. Nxd4 Qe5 10. Qd2 Bc5 11. f4 Qe7 12. O-O-O d5 13. Rhe1 O-O 14. f5 Ne4
15. Nxe4 dxe4 16. Bc4+ Kh8 17. Bg5 Qe5 18. g4 Na6 19. c3 Nc7 20. Nf3 Qe8 21.
Nh4 b5 22. Bb3 a5 23. Qg2 Nd5 24. Rxe4 Qf7 25. Qh3 Kg8 26. Rde1 Ra7 27. Nf3 a4
28. Bc2 a3 29. Bb3 axb2+ 30. Kxb2 Qc7 31. Re5 b4 32. cxb4 Bxb4 33. Rxd5 cxd5
34. Bxd5+ Kh8 35. Ne5 Ra6 36. f6 Ba3+ 37. Ka1 Qc2 38. Qxa3 Rxa3 39. Nf7+ Kg8
40. Nh6+ Kh8 41. Nf7+ Kg8 42. Nh6+ 1/2-1/2

[Event "Interclubs Adultes"]
[Site "BELFORT"]
[Date "16.??.??"]
[Round "9.8"]
[White "Dia, Hussein"]
[Black "Descroix, Claire"]
[Result "1-0"]
[WhiteElo "1910"]
[BlackElo "1640"]
[PlyCount "77"]
[EventDate "16.??.??"]
[WhiteTeam "C.E.I. Toulouse"]
[BlackTeam "Vincennes"]

1. e4 e6 2. d4 d5 3. exd5 exd5 4. Nf3 Nf6 5. h3 Be7 6. Bd3 O-O 7. O-O Be6 8.
Ng5 Ne4 9. Nxe4 dxe4 10. Bxe4 f5 11. Bxb7 Bd5 12. Bxa8 Bxa8 13. c4 Nd7 14. Nc3
Nb6 15. b3 Bb7 16. Bf4 Rf6 17. Re1 Rg6 18. f3 Bf8 19. Kh1 Nd7 20. Qd3 Nf6 21.
Rad1 Bc8 22. d5 Nh5 23. Be5 Qg5 24. Re2 f4 25. Ne4 Qxe5 26. Kh2 Qf5 27. Qd4 Qf7
28. c5 Ng3 29. Nxg3 Rxg3 30. Qe5 Ba6 31. Re4 Qf6 32. Qxf6 gxf6 33. Rxf4 Rg6 34.
d6 cxd6 35. cxd6 Be2 36. d7 Bxd1 37. d8=Q Bc2 38. Rxf6 Rg7 39. Qxf8# 1-0

[Event "Interclubs Adultes"]
[Site "BELFORT"]
[Date "16.??.??"]
[Round "9.1"]
[White "Bouchet, Nicolas"]
[Black "Romero Holmes, Alfonso"]
[Result "0-1"]
[WhiteElo "2318"]
[BlackElo "2526"]
[PlyCount "100"]
[EventDate "16.??.??"]
[WhiteTeam "Creteil"]
[BlackTeam "Avignon"]

1. e4 c5 2. c3 e6 3. d4 cxd4 4. cxd4 d5 5. exd5 exd5 6. Nc3 Nc6 7. Nf3 Bg4 8.
Be2 Bb4 9. h3 Bh5 10. O-O Nge7 11. Bf4 Bxc3 12. bxc3 O-O 13. Rb1 Na5 14. Qa4 b6
15. Rbc1 f6 16. Rfe1 a6 17. Qa3 Re8 18. Qd6 Qxd6 19. Bxd6 Nf5 20. Bc7 Rxe2 21.
Rxe2 Bxf3 22. gxf3 Nc4 23. Re6 Rc8 24. Bxb6 Kf7 25. Rce1 Nd2 26. Bc5 Nxf3+ 27.
Kf1 Nxe1 28. Rxe1 Rb8 29. Re2 Rb1+ 30. Re1 Rxe1+ 31. Kxe1 Ke6 32. Ke2 Nd6 33.
Bxd6 Kxd6 34. Kd3 g5 35. c4 dxc4+ 36. Kxc4 h5 37. f3 f5 38. Kd3 Kd5 39. a3 a5
40. a4 h4 41. Ke3 Kc4 42. f4 gxf4+ 43. Kxf4 Kxd4 44. Kxf5 Kc4 45. Ke4 Kb4 46.
Kd4 Kxa4 47. Kc4 Ka3 48. Kc3 a4 49. Kc2 Kb4 50. Kb2 Kc4 0-1

[Event "Interclubs Adultes"]
[Site "BELFORT"]
[Date "16.??.??"]
[Round "9.2"]
[White "Rahal, Michael A"]
[Black "Brih, Said"]
[Result "1/2-1/2"]
[WhiteElo "2386"]
[BlackElo "2212"]
[PlyCount "170"]
[EventDate "16.??.??"]
[WhiteTeam "Avignon"]
[BlackTeam "Creteil"]

1. e4 c5 2. Nf3 Nc6 3. d4 cxd4 4. Nxd4 Nf6 5. Nc3 e5 6. Ndb5 d6 7. Bg5 a6 8.
Na3 b5 9. Nd5 Be7 10. Bxf6 Bxf6 11. c4 Bg5 12. Nc2 bxc4 13. Bxc4 O-O 14. O-O
Kh8 15. Kh1 f5 16. f3 f4 17. Nc3 Rb8 18. b3 Rf6 19. Qd3 Rh6 20. Bxa6 Bd7 21.
Ne2 Bh4 22. Ng1 Bf2 23. Rxf2 Qh4 24. h3 Qxf2 25. Qe2 Qg3 26. Bb5 Rf8 27. Bxc6
Bxc6 28. Nb4 Bd7 29. Nd5 g5 30. Qe1 g4 31. Qxg3 fxg3 32. fxg4 Bxg4 33. a4 Be6
34. Ne2 Bxd5 35. exd5 Rh4 36. Nxg3 Rd4 37. a5 Rxd5 38. a6 Ra8 39. Ne4 Rd4 40.
Nc3 Rb4 41. Ra5 Rxb3 42. Nb5 e4 43. Nxd6 e3 44. Re5 Rxa6 45. Nf5 Ra8 46. Nxe3
Ra1+ 47. Kh2 Re1 48. Ng4 Rxe5 49. Nxe5 Kg7 50. Nf3 Kg6 51. g4 Ra3 52. Kg3 h5
53. Kf4 Ra4+ 54. Kg3 Re4 55. Kh4 Ra4 56. Kg3 Kf6 57. Kh4 Ra3 58. Ng5 hxg4 59.
hxg4 Ra8 60. Nf3 Ra3 61. Kg3 Ra4 62. Kh4 Rb4 63. Kg3 Ke6 64. g5 Kf5 65. g6 Kxg6
66. Kf2 Kf5 67. Ke2 Rb2+ 68. Nd2 Kf4 69. Kd3 Rb8 70. Nc4 Rd8+ 71. Kc3 Ke4 72.
Nd2+ Ke3 73. Nc4+ Ke2 74. Ne5 Ke3 75. Nc4+ Ke4 76. Nd2+ Kd5 77. Kd3 Rh8 78. Ke3
Rh4 79. Nf3 Ra4 80. Nd2 Ra1 81. Nf3 Ra4 82. Nd2 Rh4 83. Nf3 Re4+ 84. Kd3 Rg4
85. Ke3 Rg3 1/2-1/2

[Event "Interclubs Adultes"]
[Site "BELFORT"]
[Date "16.??.??"]
[Round "9.3"]
[White "Romieux, Sebastien"]
[Black "Duquesnoy, Jean-Philippe"]
[Result "1/2-1/2"]
[WhiteElo "2248"]
[BlackElo "2237"]
[PlyCount "47"]
[EventDate "16.??.??"]
[WhiteTeam "Creteil"]
[BlackTeam "Avignon"]

1. e4 c5 2. Nf3 e6 3. d4 cxd4 4. Nxd4 Nf6 5. Nc3 d6 6. Be2 a6 7. O-O Nbd7 8. a4
b6 9. f4 Bb7 10. Bf3 Qc7 11. Kh1 Rc8 12. Rf2 Be7 13. Re2 Qb8 14. Qe1 Qa8 15. f5
e5 16. Nb3 g6 17. fxg6 hxg6 18. Bg5 Kf8 19. Rd1 Kg7 20. Qf2 Rxc3 21. bxc3 Qb8
22. Bxf6+ Bxf6 23. Bg4 Bc6 24. a5 1/2-1/2

[Event "Interclubs Adultes"]
[Site "BELFORT"]
[Date "16.??.??"]
[Round "9.5"]
[White "Li, Frederic"]
[Black "Bomba, Melody"]
[Result "1-0"]
[WhiteElo "2107"]
[BlackElo "1852"]
[PlyCount "43"]
[EventDate "16.??.??"]
[WhiteTeam "Creteil"]
[BlackTeam "Avignon"]

1. Nf3 Nc6 2. d4 d5 3. c4 e6 4. Nc3 Nf6 5. Bg5 Be7 6. e3 Bd7 7. Bxf6 Bxf6 8.
cxd5 exd5 9. Nxd5 O-O 10. Be2 Bf5 11. Nxf6+ Qxf6 12. O-O Rad8 13. Rc1 a6 14.
Qb3 Be4 15. Nd2 Bd5 16. Qc3 Rfe8 17. Bf3 Bxf3 18. Nxf3 Rd7 19. Rfd1 Re4 20. h3
Ne7 21. Ne5 Rd8 22. Qxc7 1-0

[Event "Interclubs Adultes"]
[Site "BELFORT"]
[Date "16.??.??"]
[Round "9.6"]
[White "Ringuet, Claude"]
[Black "Lam, Sophie"]
[Result "0-1"]
[WhiteElo "1570"]
[BlackElo "2073"]
[PlyCount "74"]
[EventDate "16.??.??"]
[WhiteTeam "Avignon"]
[BlackTeam "Creteil"]

1. e4 c5 2. Nf3 Nc6 3. g3 g6 4. d4 cxd4 5. Nxd4 Bg7 6. c3 Nf6 7. Bg2 O-O 8. O-O
Qb6 9. Na3 d6 10. Nc4 Qc7 11. Nb5 Qd8 12. f3 Be6 13. Ne3 d5 14. Nd4 Nxd4 15.
cxd4 Qb6 16. e5 Ne8 17. f4 Rd8 18. f5 gxf5 19. Nxf5 Bxf5 20. Rxf5 f6 21. Kh1
fxe5 22. Rxf8+ Kxf8 23. dxe5 Bxe5 24. Qh5 Bg7 25. Bxd5 e6 26. Qf3+ Kg8 27. Bxb7
Nd6 28. Be4 Nxe4 29. Qxe4 Rd1+ 30. Kg2 Qg1+ 31. Kh3 Qf1+ 32. Kh4 h5 33. Kxh5
Qh3+ 34. Qh4 Qf5+ 35. Qg5 Qf7+ 36. Kg4 Rd5 37. Qe3 Qf5+ 0-1

[Event "Interclubs Adultes"]
[Site "BELFORT"]
[Date "16.??.??"]
[Round "9.7"]
[White "L'Huillier, Robin"]
[Black "Fevre, Lionel"]
[Result "1-0"]
[WhiteElo "1911"]
[BlackElo "1340"]
[PlyCount "47"]
[EventDate "16.??.??"]
[WhiteTeam "Creteil"]
[BlackTeam "Avignon"]

1. e4 e6 2. d4 d5 3. Nc3 Nf6 4. Bg5 Be7 5. e5 Nfd7 6. Bxe7 Qxe7 7. Nb5 Nb6 8.
a4 a6 9. Nc3 c5 10. dxc5 Qxc5 11. Qg4 O-O 12. Nf3 Nc6 13. Bd3 f5 14. exf6 Rxf6
15. Qh5 g6 16. Qg5 Nd7 17. O-O e5 18. Nh4 Ne7 19. Rad1 b5 20. axb5 axb5 21.
Bxb5 Kg7 22. Bxd7 Bxd7 23. Qxe5 Be6 24. Ne4 1-0

[Event "Interclubs Adultes"]
[Site "BELFORT"]
[Date "16.??.??"]
[Round "9.1"]
[White "Schwalfenberg, Joerg"]
[Black "Lazarev, Vladimir"]
[Result "1/2-1/2"]
[WhiteElo "2332"]
[BlackElo "2488"]
[PlyCount "27"]
[EventDate "16.??.??"]
[WhiteTeam "Gambsheim"]
[BlackTeam "Lyon Olympique Echecs"]

1. d4 Nf6 2. Nf3 c5 3. e3 g6 4. Be2 Bg7 5. O-O O-O 6. b3 Nc6 7. Bb2 cxd4 8.
Nxd4 b6 9. c4 Bb7 10. Bf3 Qc8 11. Nc3 Ne5 12. Bxb7 Qxb7 13. Qe2 d5 14. cxd5
1/2-1/2

[Event "Interclubs Adultes"]
[Site "BELFORT"]
[Date "16.??.??"]
[Round "9.2"]
[White "Doncea, Vladimir"]
[Black "Postojev, Alexander"]
[Result "1-0"]
[WhiteElo "2444"]
[BlackElo "2303"]
[PlyCount "69"]
[EventDate "16.??.??"]
[WhiteTeam "Lyon Olympique Echecs"]
[BlackTeam "Gambsheim"]

1. d4 Nf6 2. g3 d5 3. Nf3 c6 4. Bg2 Bf5 5. O-O e6 6. c4 Be7 7. Nc3 O-O 8. Nh4
Bg6 9. Qb3 Qb6 10. Nxg6 hxg6 11. c5 Qa6 12. Bf4 Nbd7 13. Rfc1 Nh5 14. Bd2 b6
15. cxb6 Qxb6 16. Na4 Qxb3 17. axb3 Rfb8 18. Rxc6 Rxb3 19. e4 dxe4 20. Bxe4
Nhf6 21. Rxe6 fxe6 22. Bxa8 Nb6 23. Nxb6 axb6 24. Bc3 b5 25. Bf3 b4 26. Bd1
bxc3 27. Bxb3 cxb2 28. Bxe6+ Kh7 29. Rb1 Ba3 30. f3 Ne8 31. Bc4 Nd6 32. Bd3 Nc8
33. h4 Kh6 34. Re1 Nb6 35. Re6 1-0

[Event "Interclubs Adultes"]
[Site "BELFORT"]
[Date "16.??.??"]
[Round "9.3"]
[White "Syska, Albert"]
[Black "Benitah, Yohan"]
[Result "1/2-1/2"]
[WhiteElo "2252"]
[BlackElo "2413"]
[PlyCount "110"]
[EventDate "16.??.??"]
[WhiteTeam "Gambsheim"]
[BlackTeam "Lyon Olympique Echecs"]

1. e4 c5 2. Nf3 d6 3. d4 cxd4 4. Nxd4 Nf6 5. Nc3 a6 6. Be3 e5 7. Nb3 Be6 8. f3
h5 9. Nd5 Bxd5 10. exd5 Nbd7 11. c4 g6 12. Qd2 b6 13. Be2 Bg7 14. O-O O-O 15.
Rac1 a5 16. Na1 Nc5 17. Nc2 Nfd7 18. Na3 f5 19. f4 exf4 20. Bxf4 Ne4 21. Qc2
Bd4+ 22. Kh1 Qf6 23. Nb5 Bxb2 24. Rb1 Be5 25. Bxe5 dxe5 26. Nc7 Rac8 27. Ne6
Rfe8 28. Bd3 Nd6 29. Qa4 Qe7 30. Rfc1 Nb7 31. Qd1 Nbc5 32. Nxc5 Rxc5 33. Bc2
Rb8 34. Ba4 Qd6 35. Rb2 Nf6 36. Bc6 e4 37. h3 Qf4 38. Rc3 e3 39. Qc1 Ne4 40.
Qxe3 Qf1+ 41. Kh2 Nxc3 42. Qxc3 Rxc4 43. Qf6 Kh7 44. Be8 Qf4+ 45. g3 Qh6 46.
Re2 Re4 47. Rxe4 fxe4 48. Qe7+ Qg7 49. Bxg6+ Kh8 50. Qe6 Qb2+ 51. Kh1 Qa1+ 52.
Kh2 Qxa2+ 53. Kh1 Qa1+ 54. Kh2 Qb2+ 55. Kh1 Qc1+ 1/2-1/2

[Event "Interclubs Adultes"]
[Site "BELFORT"]
[Date "16.??.??"]
[Round "9.4"]
[White "Renaze, Luc"]
[Black "Marzolf, Bruno"]
[Result "1-0"]
[WhiteElo "2316"]
[BlackElo "2235"]
[PlyCount "189"]
[EventDate "16.??.??"]
[WhiteTeam "Lyon Olympique Echecs"]
[BlackTeam "Gambsheim"]

1. d4 d5 2. c4 e6 3. Nc3 Be7 4. Nf3 Nf6 5. Bg5 h6 6. Bh4 O-O 7. e3 b6 8. Bd3
Bb7 9. O-O Nbd7 10. cxd5 Nxd5 11. Bxe7 Qxe7 12. Nxd5 exd5 13. Rc1 c5 14. dxc5
bxc5 15. Re1 Nf6 16. Bf5 Bc8 17. Qc2 Rb8 18. b3 Bxf5 19. Qxf5 Rfe8 20. h3 g6
21. Qd3 Red8 22. Rc2 Rb4 23. Rec1 c4 24. bxc4 dxc4 25. Qe2 Rdb8 26. Rxc4 Rb2
27. R4c2 Qa3 28. Nd4 Qxa2 29. Qf3 Rxc2 30. Rxc2 Qa1+ 31. Kh2 Rb6 32. Rc7 Qa2
33. Qa8+ Kg7 34. Qxa7 Qxa7 35. Rxa7 Rb2 36. Ne6+ Kg8 37. Ra8+ Kh7 38. Rf8 fxe6
39. Rxf6 Kg7 40. Rf3 e5 41. g4 Re2 42. Kg2 Re1 43. h4 Ra1 44. h5 Ra4 45. Kg3 e4
46. Rf4 g5 47. Rf5 Rb4 48. Rd5 Rb6 49. Rd7+ Kg8 50. Re7 Rb4 51. Re6 Kg7 52.
Rg6+ Kh7 53. Rd6 Rb7 54. Rd4 Re7 55. Rc4 Kg7 56. Kg2 Kf6 57. Rc6+ Kg7 58. Kf1
Ra7 59. Rc4 Re7 60. Ke2 Kf6 61. Rc6+ Kg7 62. Ra6 Rb7 63. Ra4 Re7 64. f3 exf3+
65. Kxf3 Re6 66. Ra7+ Kg8 67. Rd7 Re5 68. Ke2 Re4 69. Rd4 Re6 70. Kd3 Kg7 71.
Rd7+ Kf6 72. Rh7 Ke5 73. Rf7 Rd6+ 74. Ke2 Ra6 75. Kf3 Re6 76. Rf5+ Kd6 77. Ra5
Ke7 78. Rd5 Kf7 79. e4 Ra6 80. e5 Ra4 81. Rd6 Rf4+ 82. Kg3 Re4 83. Rf6+ Kg7 84.
Re6 Re3+ 85. Kf2 Re4 86. Kf3 Rf4+ 87. Kg3 Re4 88. Re7+ Kf8 89. Rh7 Rxe5 90.
Rxh6 Re3+ 91. Kf2 Re4 92. Kf3 Rf4+ 93. Kg3 Ra4 94. Rf6+ Kg7 95. Rg6+ 1-0

[Event "Interclubs Adultes"]
[Site "BELFORT"]
[Date "16.??.??"]
[Round "9.5"]
[White "Becht, Lucas"]
[Black "Vernay, Clovis"]
[Result "0-1"]
[WhiteElo "2205"]
[BlackElo "2391"]
[PlyCount "60"]
[EventDate "16.??.??"]
[WhiteTeam "Gambsheim"]
[BlackTeam "Lyon Olympique Echecs"]

1. e4 e6 2. d4 d5 3. Nc3 Bb4 4. e5 c5 5. Bd2 Ne7 6. Nb5 Bxd2+ 7. Qxd2 O-O 8. f4
Nbc6 9. Nf3 Nf5 10. Bd3 a6 11. Bxf5 axb5 12. Bh3 Nxd4 13. Nxd4 Qh4+ 14. Qf2
Qxf2+ 15. Kxf2 cxd4 16. Rhd1 Ra4 17. b3 Ra3 18. Ke2 Bd7 19. Rdb1 Rc8 20. Rb2
Ra6 21. Rd1 Rac6 22. Rd2 Rc3 23. Kd1 g5 24. fxg5 Re3 25. Rxd4 Rxe5 26. c4 bxc4
27. bxc4 Bc6 28. g3 dxc4 29. Bg4 Ba4+ 30. Kc1 Re1+ 0-1